La encíclica de Juan XXIII: pacem in terris

Spremljeno u:
Bibliografski detalji
Format: Knjiga
Jezik:španjolski
Izdano: Barcelona Herder 1965
Serija:Pequeña Biblioteca Herder, 64
Teme:
Oznake: Dodaj oznaku
Bez oznaka, Budi prvi tko označuje ovaj zapis!

MARC

LEADER 00000nam a2200000 a 4500
001 UCL3263
003 CL-VaPUC
008 031121e19650000SP |||||||||||||||||spa|d
082 0 4 |a 262.91  |b ENC  |2 21 
245 1 3 |a La encíclica de Juan XXIII: pacem in terris 
300 |a 200 p 
942 |c BK 
945 |d 20031121 00:00:00  |a vberengu 
260 |a Barcelona  |b Herder  |c 1965 
600 0 |a Juan XXIII  |9 337271 
650 0 |a Encíclicas  |9 255643 
650 0 |a Documentos pontificios   |9 255642 
583 |a last modification  |c 20031121 00:00:00  |k Rodrigo Vera 
490 0 |a Pequeña Biblioteca Herder, 64 
999 |c 306375  |d 306373 
952 |0 0  |1 0  |4 0  |6 262_910000000000000_ENC_1965  |7 0  |8 A  |9 371338  |a BIBTEO  |b BIBTEO  |d 2019-11-21  |i 2095157  |o 262.91 ENC 1965  |p 2095157  |r 2025-01-17  |w 2019-11-21  |y BK  |k ICR